| Поле | Инд. | ПП | Название | Значение |
|---|---|---|---|---|
| Тип записи | a | |||
| Библиографический уровень | b | |||
| 001 | Контрольный номер | 2a7b4e022f754bd0bbfc659e4f6f7fdd | ||
| 005 | Дата корректировки | 20220405162148.6 | ||
| 024 | 80 | a | Стандартный номер | DOI: 10.1088/0954-3899/28/12/301 |
| 040 | a | Служба первич. каталог. | Web of Science | |
| 041 | 0_ | a | Код языка текста | rus |
| 097 | a | Костяева О.Г. | ||
| 100 | 1_ | a | Автор | Jandel M. |
| 100 | 1_ | a | Автор | Ter-Akopian G. M. |
| g | Прочие сведения | РИНЦ AuthorID: 23906 (http://elibrary.ru/author_profile.asp?id= 23906); Scopus Author ID: 7006139367 (https://www.scopus.com/authid/detail.uri?authorId=7006139367) | ||
| i | 000091259 | |||
| q | Полное имя | Тер-Акопьян Гурген Мкртычевич | ||
| u | Дополнение | Тер-Акопьян Г. М.; Ter-Akopian Gurgen M. | ||
| 100 | 1_ | q | Полное имя | Оганесян Юрий Цолакович |
| g | Прочие сведения | РИНЦ AuthorID: 21136 (http://elibrary.ru/author_profile.asp?id= 21136); Scopus Author ID: 35401658500 (https://www.scopus.com/authid/detail.uri?authorId=35401658500) | ||
| u | Дополнение | Оганесян Ю. Ц.; Oganessian Yu Ts | ||
| a | Автор | Oganessian Yu. Ts. | ||
| i | 000091251 | |||
| 100 | 1_ | a | Автор | Fomichev A. S. |
| g | Прочие сведения | РИНЦ AuthorID: 23846 (http://elibrary.ru/author_profile.asp?id= 23846); Scopus Author ID: 7006017478 (https://www.scopus.com/authid/detail.uri?authorId=7006017478) | ||
| i | 000091262 | |||
| q | Полное имя | Фомичев Андрей Сергеевич | ||
| u | Дополнение | Фомичев А. С.; Fomichev Andrey S. | ||
| 100 | 1_ | a | Автор | Popeko A. G. |
| g | Прочие сведения | РИНЦ AuthorID: 23901 (http://elibrary.ru/author_profile.asp?id=23901); Scopus Author ID: 6603721619 (https://www.scopus.com/authid/detail.uri?authorId=6603721619) | ||
| i | 000091255 | |||
| q | Полное имя | Попеко Андрей Георгиевич | ||
| u | Дополнение | Попеко А. Г.; Popeko Andrei G. | ||
| 245 | 10 | a | Заглавие | Gamma-ray multiplicity distribution in ternary fission of Cf-252 |
| 773 | 18 | t | Название источника | Journal of Physics G: Nuclear and Particle Physics |
| d | Место и дата издания | 2002 | ||
| g | Прочая информация | V. 28. - № 12. - P. 2893 - 2905 | ||
| b | Сведения об издании | Institute of Physics and IOP Publishing Ltd. | ||
| c | Великобритания | |||
| m | Специф. данные | входит в Scopus;входит в WoS;Входит в ядро РИНЦ;зарубежный журнал;ненулевой импакт-фактор | ||
| p | J. Phys. G-Nucl. Part. Phys. | |||
| o | Прочие индексы | wos 2.899, scopus 2.95 | ||
| x | ISSN | 0954-3899 | ||
| q | Q1 Scopus; Q2 WoS | |||
| w | Контрольный № источника | ef8e195b47054011a70e823af1bdce48 | ||
| 901 | t | Тип документа | b | |
| 952 | c | Вид литературы | статья в журнале |